Statistics for Unscramble the Taylor Swift Lyric

Click here to take the quiz!

General Stats

  • This quiz has been taken 195 times
  • The average score is 11 of 15

Answer Stats

HintAnswer% Correct
Abyb usjt ysa eysBaby just say yes
98%
Rea uyo deray rfo tiAre you ready for it
91%
Kufc hte ytapcrhiaFuck the patriarchy
87%
M'i hte bepmorl, t'si emI'm the problem, it's me
81%
I ese ksapsr yflI see sparks fly
79%
I hintk 'mi lialnfy cnealI think I'm finally clean
78%
I wnek yrvetehngi nhew I wsa guonyI knew everything when I was young
70%
Waht a mhase h'ses dufkce ni teh eahdWhat a shame she's fucked in the head
70%
Nhongit oodg rtasts ni a wageyat rcaNothing good starts in a getaway car
69%
Sa'tht a ealr uficngk gleycaThat's a real fucking legacy
68%
Dna toerw wndo oru gonsAnd wrote down our song
64%
hfalbcksa ot nehw uyo tme emFlashback to when you met me
63%
Yam eshte eoimrsme rekab ruo alflMay these memories break our fall
60%
Cdnaed ni a tmosr ni ym sebt sedrsDanced in a storm in my best dress
58%
Eonn fo ti asw cdtaecitlanNone of it was accidental
53%

Score Distribution

Percentile by Number Answered

Percent of People with Each Score

Your Score History

You have not taken this quiz